000 00654nam a2200289Ia 4500
005 20260324132839.0
008 008 260324s9999 xx 000 0 eng d
020 _a9780203489123
037 _aEBOOK
040 _aCRL
040 _beng
040 _cCRL
041 _2eng
041 _aeng
084 _qCRL
100 _aRaimond Gaita
_91190843
245 0 _aGood and Evil
245 3 _bAn Absolute Conception
260 _bTaylor and Francis
260 _c2004
365 _a
365 _b230
856 _uhttp://www.taylorfrancis.com/books/9780203489123
942 _cEBOOK
999 _c1789309
_d1789309